Most Expensive Football Transfers Ever by Nationality - Statistics

General Stats
  • This quiz has been taken 1,446 times
    278 since last reset
  • The average score is 52 of 92
Answer Stats
Nationality Fee From To Season Answer % Correct
Brazil €222.00m Barcelona Paris Saint-Germain 2017/18 Neymar
100%
France €180.00m AS Monaco Paris Saint-Germain 2018/19 Kylian Mbappé
98%
Belgium €120.80m Chelsea Real Madrid 2019/20 Eden Hazard
97%
Germany €125.00m Bayer Leverkusen Liverpool 2025/26 Florian Wirtz
97%
Netherlands €86.00m Ajax Amsterdam Barcelona 2019/20 Frenkie de Jong
97%
Wales €101.00m Tottenham Hotspur Real Madrid 2013/14 Gareth Bale
97%
England €127.00m Borussia Dortmund Real Madrid 2023/24 Jude Bellingham
97%
Portugal €127.20m Benfica Atlético Madrid 2019/20 João Félix
96%
Uruguay €85.00m Benfica Liverpool 2022/23 Darwin Núñez
95%
Croatia €90.00m RB Leipzig Manchester City 2023/24 Josko Gvardiol
93%
Argentina €121.00m Benfica Chelsea 2022/23 Enzo Fernández
92%
Ecuador €116.00m Brighton Chelsea 2023/24 Moisés Caicedo
91%
Serbia €83.50m Fiorentina Juventus 2021/22 Dušan Vlahović
90%
Norway €60.00m Borussia Dortmund Manchester City 2022/23 Erling Haaland
90%
Algeria €67.80m Leicester City Manchester City 2018/19 Riyad Mahrez
89%
Morocco €68.00m Inter Milan Paris Saint-Germain 2021/22 Achraf Hakimi
88%
United States €64.00m Borussia Dortmund Chelsea 2018/19 Christian Pulisic
88%
Sweden €70.00m Real Sociedad Newcastle United 2022/23 Alexander Isak
87%
Ukraine €70.00m Shakhtar Donetsk Chelsea 2022/23 Mykhaylo Mudryk
87%
Egypt €75.00m Eintracht Frankfurt Manchester City 2024/25 Omar Marmoush
87%
Denmark €77.80m Atalanta Manchester United 2023/24 Rasmus Højlund
87%
Nigeria €78.90m LOSC Lille SSC Napoli 2020/21 Victor Osimhen
87%
Chile €42.50m Barcelona Arsenal 2014/15 Alexis Sánchez
86%
Gabon €63.75m Borussia Dortmund Arsenal 2017/18 Pierre-Emerick Aubameyang
86%
Poland €45.00m Bayern Muncih Barcelona 2022/23 Robert Lewandowski
86%
Georgia €70.00m Napoli Paris Saint-Germain 2024/25 Khvicha Kvaratskhelia
85%
Hungary €70.00m RB Leipzig Liverpool 2023/24 Dominik Szoboszlai
84%
Switzerland €45.00m Borussia Mönchengladbach Arsenal 2016/17 Granit Xhaka
84%
South Korea €50.00m SSC Napoli Bayern Munich 2023/24 Kim Min-jae
84%
Cameroon €75.00m Brentford Manchester United 2025/26 Bryan Mbeumo
83%
Cote d'Ivoire €80.00m LOSC Lille Arsenal 2019/20 Nicolas Pépé
80%
Spain €80.00m Athletic Bilbao Chelsea 2018/19 Kepa Arrizabalaga
78%
Guinea €60.00m RB Leipzig Liverpool 2018/19 Naby Keïta
78%
Czech Republic €45.00m Lazio Juventus 2001/02 Pavel Nedved
78%
Colombia €77.00m Aston Villa Al-Nassr 2024/25 Jhon Durán
77%
Ghana €63.80m West Ham United Tottenham Hotspur 2025/26 Mohammed Kudus
77%
Scotland €30.50m Manchester United SSC Napoli 2024/25 Scott McTominay
77%
Bosnia and Herzegovina €60.00m Juventus Barcelona 2020/21 Miralem Pjanic
76%
Bulgaria €38.00m Tottenham Hotspur Manchester United 2008/09 Dimitar Berbatov
75%
Armenia €42.00m Borussia Dortmund Manchester United 2016/17 Henrikh Mkhitaryan
74%
Senegal €41.90m SSC Napoli Chelsea 2022/23 Kalidou Koulibaly
73%
Canada €27.00m Gent LOSC LIlle 2020/21 Jonathan David
70%
Uzbekistan €40.00m RC Lens Manchester City 2024/25 Abdukodir Khusanov
69%
Jamaica €32.00m Bayer Leverkusen Aston Villa 2021/22 Leon Bailey
69%
Mexico €50.00m PSV Eindhoven SSC Napoli 2019/20 Hirving Lozano
67%
Italy €68.25m Atalanta Al-Qadsiah 2025/26 Mateo Retegui
65%
Turkey €34.00m Atlético Madrid Barcelona 2015/16 Arda Turan
64%
Iceland €49.40m Swansea City Everton 2017/18 Gylfi Sigurdsson
64%
New Zealand €30.00m Burnley Newcastle United 2021/22 Chris Wood
62%
DR Congo €55.00m Crystal Palace Manchester United 2019/20 Aaron Wan-Bissaka
59%
Greece €36.00m AS Roma SSC Napoli 2019/20 Konstantinos Manolas
58%
Costa Rica €15.00m Real Madrid Paris Saint-Germain 2019/20 Keylor Navas
56%
Togo €29.00m Arsenal Manchester City 2009/10 Emmanuel Adebayor
55%
Russia €30.00m CSKA Moscow AS Monaco 2018/19 Aleksandr Golovin
54%
Romania €25.00m Genoa Tottenham Hotspur 2023/24 Radu Drăgușin
54%
Slovakia €34.00m Sampdoria Inter Milan 2017/18 Milan Skriniar
50%
Slovenia €24.00m RB Salzburg RB Leipzig 2023/24 Benjamin Sesko
49%
Central African Republic €36.00m AS Monaco Inter Milan 2015/16 Geoffrey Kondogbia
48%
Dominican Republic €21.50m Olympique Lyon Real Madrid 2018/19 Mariano Díaz
43%
Montenegro €26.00m Fiorentina Manchester City 2013/14 Stevan Jovetic
42%
Gambia €35.00m Newcastle United Brighton and Hove Albion 2024/25 Yankuba Minteh
42%
Trinidad and Tobago €19.25m Aston Villa Manchester United 1998/99 Dwight Yorke
41%
Zambia €30.00m RB Salzburg Leicester City 2021/22 Patson Daka
40%
North Macedonia €24.00m SSC Napoli RB Leipzig 2023/24 Eljif Elmas
36%
Belarus €17.00m Arsenal Barcelona 2008/09 Aleksandr Hleb
34%
Kenya €14.50m Celtic Southampton 2013/14 Victor Wanyama
29%
Ireland €26.85m Woverhampton Wanderers Brentford 2023/24 Nathan Collins
27%
Venezuela €18.27m West Bromwich Albion Dalian Pro 2019/20 Salomón Rondón
27%
Guinea-Bissau €25.00m Udinese Everton 2023/24 Beto
25%
Iran €22.50m AZ Alkmaar Brighton and Hove Albion 2018/19 Alireza Jahanbakhsh
23%
Austria €25.50m TSG Hoffenheim RB Leipzig 2023/24 Christoph Baumgartner
23%
Mali €30.20m Almeria Atalanta 2023/24 El Bilal Touré
22%
Burkina Faso €22.50m Lorient Bournemouth 2022/23 Dango Ouattara
18%
Australia €17.00m Stoke City Leicester City 2022/23 Harry Souttar
17%
Albania €26.50m Hellas Verona AS Roma 2021/22 Marash Kumbulla
15%
Northern Ireland €16.50m Norwich City Newcastle United 2020/21 Jamal Lewis
14%
Paraguay €24.50m Hellas Verona AS Roma 2014/15 Juan Iturbe
14%
Kosovo €21.00m Fenerbahce Lazio 2020/21 Vedat Muriqi
14%
Burundi €13.90m West Bromwich Albion Stoke City 2016/17 Saido Berahino
13%
Curacao €17.00m PSV Eindhoven Brighton and Hove Albion 2017/18 Jürgen Locadia
11%
Israel €17.00m RB Salzburg Sevilla 2019/20 Munas Dabbur
11%
Japan €35.00m Portimonense Al-Duhall SC 2018/19 Shoya Nakajima
11%
Benin €13.00m Montpellier Huddersfield Town 2017/18 Steve Mounié
10%
Tunisia €22.00m AS Monaco Valencia 2015/16 Aymen Abdennour
9%
Cape Verde €18.00m Toulouse Villarreal 2024/25 Logan Costa
9%
Zimbabwe €18.00m Stade Reims Wolverhampton Wanderers 2024/25 Marshall Munetsi
9%
Honduras €15.00m Wigan Athletic Tottenham Hotspur 2008/09 Wilson Palacios
9%
Republic of Congo €15.00m Anzhi Makhachkala Queens Park Rangers 2012/13 Christopher Samba
7%
Angola €20.28m Sporting Braga FC Porto 2022/23 David Carmo
4%
Sierra Leone €13.00m Vicenza Inter Milan 2001/02 Mohamed Kallon
4%
Saudi Arabia €28.95m Al-Shabab Al-Hilal 2024/25 Moteb Al-Harbi
4%
China €20.44m Beijing Guoan Hebei China Fortune 2016/17 Zhang Chengdong
2%
No matching quizzes found
Score Distribution
Percent of People with Each Score
Percentile by Number Answered
Your Score History
You have not taken this quiz since the last reset